000 00203nam a2200085Ia 4500
008 120527s9999 xx 000 0 und d
100 _aMorris & Maisto
245 _aPsychology: an introduction
942 _cBK
999 _c27420
_d27420